000 00320nam a22001457a 4500
008 210505b ||||| |||| 00| 0 eng d
020 _a9789951002547
041 _aeng
080 _a721
082 _a721
100 _a41
101 _aNDE
245 _aRezistenca e Materialeve
_cFetah S. Jagxhiu
942 _2udc
_cBK
999 _c57077
_d57077